Society in tribal India / (Record no. 126575)

MARC details
000 -LEADER
fixed length control field 00718nam a22002297a 4500
005 - DATE AND TIME OF LATEST TRANSACTION
control field 20170124110012.0
010 ## - LIBRARY OF CONGRESS CONTROL NUMBER
LC control number A-136827
020 ## - INTERNATIONAL STANDARD BOOK NUMBER
Terms of availability 00.00
035 ## - SYSTEM CONTROL NUMBER
System control number A-136827
037 ## - SOURCE OF ACQUISITION
Source of stock number/acquisition Cen Lib/Ret
040 ## - CATALOGING SOURCE
Original cataloging agency DPL
Language of cataloging EN
082 ## - DEWEY DECIMAL CLASSIFICATION NUMBER
Classification number 301.450954
Item number SIN
100 ## - MAIN ENTRY--PERSONAL NAME
Personal name Sinha, B. B.
9 (RLIN) 17876
245 ## - TITLE STATEMENT
Title Society in tribal India /
Statement of responsibility, etc by B. B. Sinha
260 ## - PUBLICATION, DISTRIBUTION, ETC. (IMPRINT)
Place of publication, distribution, etc Delhi
Name of publisher, distributor, etc B.R. Publishing
Date of publication, distribution, etc 1982
270 ## - ADDRESS
Address 461, Vivekanand Nagar
City Delhi
Postal code 110052
300 ## - PHYSICAL DESCRIPTION
Extent xi,263p.
Dimensions 21cm(Hb)
500 ## - GENERAL NOTE
General note Includes bibliographical reference and index
650 ## - SUBJECT ADDED ENTRY--TOPICAL TERM
Topical term or geographic name as entry element Ethnology -- India -- Chota Nāgpur
9 (RLIN) 17877
650 ## - SUBJECT ADDED ENTRY--TOPICAL TERM
Topical term or geographic name as entry element Chota Nāgpur (India) -- Social conditions
9 (RLIN) 17878
942 ## - ADDED ENTRY ELEMENTS (KOHA)
Source of classification or shelving scheme Dewey Decimal Classification
Koha item type English Books
Classification part 301.450954
Call number suffix SIN
Holdings
Withdrawn status Lost status Damaged status Not for loan Home library Current library Date acquired Source of acquisition Cost, normal purchase price Total Checkouts Full call number Barcode Date last seen Copy number Cost, replacement price Price effective from Koha item type Public note
Written off       Central Library Central Library 25/06/2015 Cen Lib/Ret 0.00   301.450954 SIN A-136827 25/06/2015 1 0.00 25/06/2015 English Books W/d list no. 6839/11

© Delhi Public Library
Hit Counter
free hit counter